Geography Series #30 - Statistics

General Stats
  • This quiz has been taken 60 times
    22 since last reset
  • The average score is 22 of 25
Answer Stats
Countries that Use the Euro % Correct
Andorra
100%
France
100%
Italy
100%
Portugal
100%
Spain
100%
Austria
95%
Belgium
95%
Germany
95%
Luxembourg
95%
Netherlands
95%
Greece
90%
Ireland
90%
Slovakia
90%
Slovenia
90%
Latvia
86%
Malta
86%
Monaco
86%
Estonia
81%
Lithuania
81%
San Marino
81%
Vatican City
81%
Cyprus
76%
Finland
76%
Kosovo
57%
Montenegro
48%
No matching quizzes found
Score Distribution
Percent of People with Each Score
Percentile by Number Answered
Your Score History
You have not taken this quiz since the last reset